MDQL
is popping MORE tags! Check the
thread
!
Quizzes
Events
Quiz Creation
Community
Videos
Private Events
Remove Ads
Sign In
Join for FREE
Feedback
Dark Mode
Quiz Categories
Sports
Geography
Music
Movies
Television
Just For Fun
Miscellaneous
History
Literature
Language
Science
Gaming
Entertainment
Religion
Holiday
For Kids
Quiz Lab
Recent
Popular Today
Quiz Kudos Today
Editor Picks
Curator Picks
Quizzes by...
Day
Popularity
Type
Ratings
Length
Year
Community
Subscriptions
Recent Discussions
Orange Saloon
Badges
Playlists
Quests
Create
Leaderboards
Showdown
Live 5
Trivia Bingo
Activity
Puzzle Library
Sporcle Events
Private Events
Virtual Trivia
Globe League
Become a Host
Pub Owners
SporcleCon
Opinionation
Our Games
Videos
Blog
Mobile Apps
Partnerships
Remove Ads and Go Orange
Feedback
Geography
Country
Landmarks
City
State
Population
World
Capital
Continent
Flags
Europe
Africa
Asia
South America
North America
Oceania
Border
Canada
United Kingdom
Topography
United States
Geography
Country
Landmarks
City
State
Population
World
Capital
Continent
Flags
Europe
Africa
Asia
South America
North America
Oceania
Border
Canada
United Kingdom
Topography
United States
Random Quiz
Search Sporcle
×
Quiz Lab
Quiz Lab
Geography
State
Type in answers that appear in a list
Type in answers that appear in a list
Classic
Best Score? Go Orange.
State Facts Stats
Can you name the State by the Facts?
By
grouchoatty
13m
50 Questions
26 Plays
26 Plays
26 Plays
Comments
Comments
Give Quiz Kudos
Give Quiz Kudos
-
- Ratings
hide this ad
More Info
Forced Order
Answers have to be entered in order
Answers have to be entered in order
Random Order
Randomize order of answers
Randomize order of answers
Replay
Link that replays current quiz
Next Quiz
Link to next quiz in quiz playlist
You Got
0%
They Got
Avg Score
66%
Avg Friend Score
Upgrade to see
Score Distribution
Jump to the score distribution portion of the page
Score
0/50
Timer
13:00
0
Plays Today
Facts
State
% Correct
Pacific Ocean, Borders Canada, Tribal Gambling
Alaska
80.8%
Colony, Atlantic Ocean, Borders Canada
New Hampshire
76.9%
MLB Franchise, Tribal Gambling, NBA Franchise
Arizona
76.9%
MLB Franchise, Pacific Ocean,Tribal Gambling
California
76.9%
Borders Canada, Tribal Gambling
North Dakota
76.9%
Confederate, Mississippi River
Arkansas
76.9%
Tribal Gambling, NBA Franchise
Oklahoma
76.9%
Great Lake
Indiana
76.9%
Tribal Gambling
Nevada
76.9%
Colony, MLB Franchise
Pennsylvania
73.1%
Colony, Atlantic Ocean,Tribal Gambling
North Carolina
73.1%
Colony, Borders 3 or fewer states. Atlantic Ocean
South Carolina
73.1%
Colony, MLB Franchise, Confederate, Atlantic Ocean
Georgia
73.1%
MLB Franchise, Pacific Ocean, Borders Canada, Tribal Gambling
Washington
73.1%
Borders Canada
Montana
73.1%
MLB Franchise, Borders Canada, Tribal Gambling
Michigan
73.1%
MLB Franchise, Mississippi River,Tribal Gambling
Missouri
73.1%
Atlantic Ocean, Borders Canada
Maine
69.2%
Borders Canada,Population under 1 Million
Vermont
69.2%
Colony, MLB Franchise, Atlantic Ocean,Tribal Gambling
New York
69.2%
Colony, Atlantic Ocean, Population under 1 Million
Delaware
69.2%
Colony, MLB Franchise, Atlantic Ocean
Maryland
69.2%
Colony, Atlantic Ocean
Virginia
69.2%
MLB Franchise, Confederate, Atlantic Ocean, Tribal Gambling
Florida
69.2%
Confederate, Tribal Gambling
Alabama
69.2%
Facts
State
% Correct
MLB Franchise,Tribal Gambling, Borders Mexico
Texas
69.2%
Pacific Ocean,Tribal Gambling
Oregon
69.2%
MLB Franchise, Borders Canada
Ohio
69.2%
MLB Franchise, Mississippi River
Illinois
69.2%
MLB Franchise, NHL Franchise, Tribal Gambling
Colorado
69.2%
Borders 3 or fewer states. Pacific Ocean
Hawaii
65.4%
Colony, MLB Franchise, Atlantic Ocean, Tribal Gambling
Massachusetts
65.4%
Colony, Borders 3 or fewer states.Atlantic Ocean
Rhode Island
65.4%
Colony, Atlantic Ocean, Tribal Gambling
Connecticut
65.4%
Colony, Atlantic Ocean
New Jersey
65.4%
Confederate, Mississippi River,Tribal Gambling
Mississippi
65.4%
Confederate, Mississippi River, Tribal Gambling
Louisiana
65.4%
Tribal Gambling
New Mexico
65.4%
MLB Franchise, Mississippi River, Borders Canada
Minnesota
65.4%
Borders Canada, Tribal Gambling
Idaho
61.5%
MLB Franchise, Mississippi River,Tribal Gambling
Wisconsin
61.5%
Mississippi River
Tennessee
61.5%
Tribal Gambling
Kansas
61.5%
Mississippi River, Tribal Gambling
Iowa
57.7%
NBA Franchise
Utah
53.8%
Tribal Gambling
South Dakota
50%
Mississippi River
Kentucky
50%
Tribal Gambling, Population under 1 Million
Wyoming
46.2%
Capital city is its largest city
West Virginia
34.6%
Tribal Gambling
Nebraska
34.6%
Quiz Playlist
Details
Report
Send in Message
Add To Playlist
More Info:
Although the individual fact is not unique to one, the combination of facts are unique to a particular state
Classic:
Type in answers that appear in a list
Forced Order:
Answers have to be entered in order
Random Order:
Randomize order of answers
Last Updated: Feb 16, 2017
Quiz Scoreboard
CHALLENGE
Sign Up to Join the Scoreboard
Show All
Scores
Hide
Comments
May contain spoilers
Recently Published
Colored Red Africa Blitz
by spor1
Geography
30s
Find the 'City' Movie
by crazypaving
Movies
60s
5x2 Blitz: Bands
by SL_Kpop136
Music
30s
More to Explore
Quiz From the Vault
Featured Blog Post
14 Easter Pick-up Lines to Find Eggs With
hide this ad
You Might Also Like...
Tags
State Quiz
Today's Top Quizzes in Geography
Browse Geography
hide this ad
Today's Top Quizzes in State
Browse State
Top Contributed Quizzes in Geography
1
Countries of the World - No Outlines Minefield
2
Colored Red Europe Blitz I
3
Colored Red Africa Blitz II
4
Colored Red Europe Blitz II
5
Colored Red Africa Blitz III
6
Colored Red Europe Blitz III
7
African Flag Reveal XLVI
8
Colored Red States Blitz I
9
Colored Red States Blitz II
10
Colored Red States Blitz III
Explore More
Trending Topics
Anime
Disney
Marvel
NBA
Harry Potter
Crossword
Kpop
Song
WWE
Soccer
Country
Puzzle
Pokémon
NFL
The Office
hide this ad
More By:
grouchoatty
Quiz
Plays
Rating
Category
Featured
Created
1,000 RBIs, One Team
28,274
4.76
Sports
Aug 18, 2012
NBA All Star Rosters 1970-1979
938
4.60
Sports
Feb 14, 2012
Great Comedic Movie Quotes
886
4.50
Movies
Apr 18, 2010
150 Highest Yankee HR Hitter
885
4.57
Sports
Mar 5, 2012
Top 5 Yankee Home Run Hitters 1955-2011
835
5.00
Sports
Jul 18, 2012
Go to Creator's Profile
Score Distribution
Quiz Creator Spotlight
grouchoatty
Follow
Send a Message
Quizzes Created
-
Created Quiz Play Count
-
More By This Creator
Popular Quizzes Today
1
Find the 'City' Movie
2
Colored Red Africa Blitz
3
Find the US States - No Outlines Minefield
4
5x2 Blitz: Bands
5
The Countries of the World
6
Find the US States
7
US States
8
9x9 Crossword: Cartoon Network
More Geography Quizzes
European H Cities
Quiz Lab
Trending Quizzes
Colored Red Europe Blitz I
Colored Red Africa Blitz II
Colored Red Europe Blitz II
Colored Red Africa Blitz III
Colored Red Europe Blitz III
Recently Updated
2024 March Madness Bracket
pecheneg
Famous TV Couples
Peacemaker
Champions League XIs: Real Madrid
pecheneg
Largest US Cities 1790-2010
pecheneg
Rides in Walt Disney World
pecheneg
Most Oscar Losses (Acting)
pecheneg
Beyoncé Albums
pecheneg
Leaping Animals
pecheneg
Reality TV Shows (A-Z)
bhenderson79
Rickey Henderson's Hall of Fame Teammates
pecheneg
Trending Topics
Disney
Anime
Crossword
Kpop
NBA
Harry Potter
Marvel
The Office
WWE
Country
Song
Pokémon
Soccer
NFL
Puzzle
Your Account Isn't Verified!
In order to create a playlist on Sporcle, you need to verify the email address you used during registration. Go to your
Sporcle Settings
to finish the process.
Report this User
Report this user for behavior that violates our
Community Guidelines
.
Details:
Send Report
Go to the Sporcle.com Mobile Site →
Comments